[Event "Sant Adria de Besos op 2nd B"]
[Site "Sant Adria de Besos"]
[Date "2018.08.14"]
[Round "6.7"]
[White "Rocher Gonzalez, Vicence"]
[Black "Low, Ethan"]
[Result "0-1"]
[WhiteElo "1809"]
[BlackElo "1858"]
[PlyCount "74"]
[EventDate "2018.08.10"]
[EventType "swiss"]
[EventRounds "9"]
[EventCountry "ESP"]
[SourceTitle "EXT 2024"]
[Source "ChessBase"]
[SourceDate "2023.10.10"]
[SourceVersion "1"]
[SourceVersionDate "2023.10.10"]
[SourceQuality "1"]

1. c4 Nf6 2. g3 e6 3. Bg2 c5 4. Nc3 d6 5. Nf3 Nbd7 6. d4 Be7 7. 0-0 0-0 8. Re1 a6 9. e4 cxd4 10. Nxd4 Qc7 11. b3 Re8 12. Bb2 Bf8 13. Rc1 g6 14. Rc2 Rb8 15. Bc1 b6 16. Bg5 Bb7 17. Qd2 Nh5 18. Bf3 Nhf6 19. Bg2 Rbc8 20. Rcc1 Bg7 21. h3 Rcd8 22. Be3 Nc5 23. Bg5 Qb8 24. b4 Ncd7 25. Rcd1 Rc8 26. Bf1 Ne5 27. f4 Nxc4 28. Bxc4 Rxc4 29. e5 dxe5 30. fxe5 Nd5 31. Nxd5 Bxd5 32. Bf6 Bxf6 33. exf6 Qxg3+ 34. Kf1 Qxh3+ 35. Kf2 Qg2+ 36. Ke3 Qg3+ 37. Ke2 Rxd4 0-1

[Event "Barcelona Sants op 19th"]
[Site "Barcelona"]
[Date "2017.08.20"]
[Round "3"]
[White "Delchev, Aleksander"]
[Black "Low, Ethan"]
[Result "1-0"]
[WhiteElo "2577"]
[BlackElo "1662"]
[PlyCount "71"]
[EventDate "2017.08.18"]
[EventType "swiss"]
[EventRounds "10"]
[EventCountry "ESP"]
[SourceTitle "CBM 180 Extra"]
[Source "ChessBase"]
[SourceDate "2017.10.06"]
[SourceVersion "1"]
[SourceVersionDate "2017.10.06"]
[SourceQuality "1"]

1. c4 Nf6 2. Nc3 e6 3. Nf3 Bb4 4. Qc2 c5 5. a3 Ba5 6. g3 0-0 7. Bg2 Nc6 8. 0-0 d5 9. Na4 Nd4 10. Nxd4 cxd4 11. b4 Bc7 12. cxd5 Nxd5 13. Bb2 Be5 14. f4 Bf6 15. Nc5 g6 16. Rac1 Rb8 17. Qd3 Ne7 18. Nb3 Nf5 19. Na5 a6 20. Rfe1 Bg7 21. Qc4 Re8 22. Qc7 Qxc7 23. Rxc7 Re7 24. Rxe7 Nxe7 25. Rc1 b6 26. Nb3 Nf5 27. Be4 a5 28. Bxf5 exf5 29. Nxd4 Bb7 30. Rc7 Ba6 31. Kf2 Rd8 32. e3 axb4 33. axb4 Bd3 34. Ne6 fxe6 35. Rxg7+ Kf8 36. Rxh7 1-0

[Event "Barcelona Sant Marti op-B 19th"]
[Site "Barcelona"]
[Date "2017.07.18"]
[Round "6"]
[White "Low, Ethan"]
[Black "Julia Yebra, David"]
[Result "1/2-1/2"]
[WhiteElo "1643"]
[BlackElo "1840"]
[PlyCount "57"]
[EventDate "2017.07.13"]
[EventType "swiss"]
[EventRounds "9"]
[EventCountry "ESP"]
[SourceTitle "EXT 2018"]
[Source "ChessBase"]
[SourceDate "2017.10.13"]
[SourceVersion "1"]
[SourceVersionDate "2017.10.13"]
[SourceQuality "1"]

1. e4 d6 2. d4 Nf6 3. Bd3 c6 4. h3 e5 5. c3 Nbd7 6. Nf3 Be7 7. Nbd2 Qc7 8. a4 d5 9. 0-0 0-0 10. Re1 exd4 11. cxd4 dxe4 12. Nxe4 Nxe4 13. Bxe4 Nf6 14. Bc2 Bb4 15. Bd2 Bxd2 16. Qxd2 h6 17. Re5 Nd5 18. Rae1 Qd6 19. Nh4 Qf6 20. Nf5 Bxf5 21. Bxf5 Rad8 22. a5 Qd6 23. Rd1 Rfe8 24. Rxe8+ Rxe8 25. Re1 Rd8 26. Rd1 Ne7 27. Be4 Qc7 28. Qc3 Nd5 29. Bxd5 1/2-1/2

[Event "British Columbia-ch U20"]
[Site "Vancouver"]
[Date "2013.11.08"]
[Round "1"]
[White "Low, Ethan"]
[Black "Nyamdorj, Davaaochir"]
[Result "1-0"]
[WhiteElo "1494"]
[BlackElo "2055"]
[PlyCount "101"]
[EventDate "2013.11.08"]
[EventType "swiss"]
[EventRounds "5"]
[EventCountry "CAN"]
[SourceTitle "EXT 2015"]
[Source "ChessBase"]
[SourceDate "2014.11.20"]
[SourceVersion "1"]
[SourceVersionDate "2014.11.20"]
[SourceQuality "1"]

1. e4 c5 2. Nf3 Nc6 3. Bb5 Nf6 4. Bxc6 dxc6 5. d3 g6 6. h3 Bg7 7. 0-0 Qc7 8. Be3 b6 9. c3 0-0 10. Re1 Rd8 11. Qc2 Ba6 12. c4 Nh5 13. Nc3 Rd7 14. Rad1 Rad8 15. a3 Nf4 16. Bxf4 Qxf4 17. b4 Qf6 18. e5 Qf5 19. Ne4 cxb4 20. axb4 Bb7 21. Ng3 Qxd3 22. Rxd3 Rxd3 23. Qa4 a6 24. b5 cxb5 25. cxb5 a5 26. Qf4 Bd5 27. Qh4 Bf8 28. Ng5 h6 29. N5e4 a4 30. Qf4 a3 31. Qc1 a2 32. Qa1 Bb3 33. Nc3 e6 34. Kh2 Bb4 35. Nge4 Kg7 36. Rc1 Ba3 37. Rf1 R8d4 38. f3 Rc4 39. Nxa2 Rc2 40. Nc1 Bxc1 41. Rxc1 Ra2 42. Qb1 Re3 43. Rc3 Ree2 44. Qxb3 Rxg2+ 45. Kh1 Rh2+ 46. Kg1 Rag2+ 47. Kf1 Rb2 48. Qxb2 Rxb2 49. Nd6 h5 50. Rc6 Kh6 51. Nxf7+ 1-0

[Event "Toronto NAYCC U10"]
[Site "Toronto"]
[Date "2013.08.17"]
[Round "7"]
[White "Rodrigue Lemieux, Shawn"]
[Black "Low, Ethan"]
[Result "1-0"]
[WhiteElo "1560"]
[BlackElo "1397"]
[PlyCount "88"]
[EventDate "2013.08.14"]
[EventType "swiss"]
[EventRounds "9"]
[EventCountry "CAN"]
[SourceTitle "EXT 2022"]
[Source "ChessBase"]
[SourceDate "2021.10.06"]
[SourceVersion "1"]
[SourceVersionDate "2021.10.06"]
[SourceQuality "1"]

1. e4 d6 2. d4 Nf6 3. Nc3 Nbd7 4. f4 e5 5. fxe5 dxe5 6. Nf3 exd4 7. Nxd4 Bb4 8. Bg5 c6 9. Nb3 Qc7 10. Bd3 b5 11. 0-0 0-0 12. Kh1 Re8 13. Nd4 Bxc3 14. bxc3 Nxe4 15. Bxe4 Rxe4 16. Qf3 Nc5 17. Bf4 Rxf4 18. Qxf4 Qxf4 19. Rxf4 Ne6 20. Rf2 Nxd4 21. cxd4 Be6 22. a3 Rd8 23. c3 a5 24. Re1 h6 25. h3 b4 26. axb4 axb4 27. cxb4 Rxd4 28. Rb2 Rd5 29. Rc1 Rd6 30. Kh2 Bd5 31. Rd1 Rd8 32. Kg3 g5 33. b5 Rb8 34. b6 f5 35. Ra1 c5 36. Ra5 f4+ 37. Kf2 Kf7 38. Rxc5 Bb7 39. Rc7+ Kg6 40. Rd2 Kf5 41. Rdd7 Bc8 42. Rd8 Rxb6 43. Rdxc8 Rb2+ 44. Rc2 Rb3 1-0

[Event "CAN-ch U10"]
[Site "Ottawa"]
[Date "2013.07.12"]
[Round "5"]
[White "Low, Ethan"]
[Black "Surya, Benito"]
[Result "1/2-1/2"]
[WhiteElo "1105"]
[BlackElo "1736"]
[PlyCount "152"]
[EventDate "2013.07.10"]
[EventType "swiss"]
[EventRounds "6"]
[EventCountry "CAN"]
[SourceTitle "EXT 2022"]
[Source "ChessBase"]
[SourceDate "2021.10.06"]
[SourceVersion "1"]
[SourceVersionDate "2021.10.06"]
[SourceQuality "1"]

1. e4 e5 2. Nf3 Nc6 3. Bc4 Bc5 4. c3 Nf6 5. d3 0-0 6. 0-0 d6 7. Nbd2 h6 8. Qe2 Be6 9. Bxe6 fxe6 10. b4 Bb6 11. a4 a6 12. Ba3 Re8 13. Nc4 Ba7 14. b5 axb5 15. axb5 Ne7 16. Qb2 b6 17. Qe2 Qd7 18. Rfb1 Ng6 19. g3 Nh7 20. Ra2 Reb8 21. Qb2 Rb7 22. Rba1 Bb8 23. Qb3 Nhf8 24. Bb2 Rxa2 25. Rxa2 Qc8 26. Ra6 Ra7 27. Qa4 Rxa6 28. bxa6 Ba7 29. Nfd2 Nd7 30. Qc6 Ne7 31. Nxd6 cxd6 32. Qxd6 Kf7 33. Nc4 Bb8 34. Qb4 Qc7 35. d4 exd4 36. cxd4 Nc6 37. Qb3 Kf8 38. Ba3+ Kg8 39. d5 Nd8 40. dxe6 Nxe6 41. Nd6 Ndf8 42. f4 Kh7 43. Qd5 Kh8 44. f5 Nd8 45. Nb5 Qc2 46. a7 Qe2 47. Qd4 Qe1+ 48. Kg2 Qe2+ 49. Qf2 Qxe4+ 50. Kh3 Nf7 51. Bc1 Bd6 52. Nxd6 Nxd6 53. Qf4 Qa8 54. Qxd6 Qxa7 55. Qxf8+ Kh7 56. f6 Qd7+ 57. Kg2 Qd5+ 58. Kf2 Qf5+ 59. Bf4 Qc2+ 60. Ke3 Qc3+ 61. Ke4 Qc4+ 62. Ke5 Qb5+ 63. Ke6 Qc4+ 64. Ke7 Qe4+ 65. Kf7 Qd5+ 66. Ke7 Qe4+ 67. Kd7 Qa4+ 68. Kc7 Qa7+ 69. Kc6 Qa4+ 70. Kd5 Qb5+ 71. Ke6 Qc4+ 72. Kf5 Qd3+ 73. Ke6 Qc4+ 74. Kf5 Qd3+ 75. Kg4 Qe2+ 76. Kh3 Qh5+ 1/2-1/2

[Event "CAN-ch U10"]
[Site "Ottawa"]
[Date "2013.07.10"]
[Round "2"]
[White "Grossmann, Lenard"]
[Black "Low, Ethan"]
[Result "0-1"]
[WhiteElo "1614"]
[BlackElo "1105"]
[PlyCount "126"]
[EventDate "2013.07.10"]
[EventType "swiss"]
[EventRounds "6"]
[EventCountry "CAN"]
[SourceTitle "EXT 2022"]
[Source "ChessBase"]
[SourceDate "2021.10.06"]
[SourceVersion "1"]
[SourceVersionDate "2021.10.06"]
[SourceQuality "1"]

1. d4 d6 2. Nf3 Nf6 3. c4 Nbd7 4. Nc3 e5 5. Bg5 Be7 6. Bxf6 Bxf6 7. d5 0-0 8. e4 Be7 9. Bd3 c6 10. Qc2 Qc7 11. 0-0 Nf6 12. b3 Bg4 13. Nd2 Rac8 14. Rac1 Nh5 15. Be2 Bxe2 16. Nxe2 Bg5 17. g3 Nf6 18. f4 exf4 19. gxf4 Bh6 20. Qd3 Qb6+ 21. Qd4 Rfe8 22. Qxb6 axb6 23. Ng3 cxd5 24. exd5 g6 25. h3 Re3 26. Kg2 Rce8 27. Rf3 Kg7 28. Kf2 Rxf3+ 29. Kxf3 Nh5 30. Nxh5+ gxh5 31. Ne4 Rd8 32. Rg1+ Kf8 33. Nf6 Bg7 34. Nxh7+ Kg8 35. Nf6+ Kh8 36. Nxh5 Bd4 37. f5 Bxg1 38. f6 Bd4 39. Ke4 Be5 40. Kf5 Rg8 41. Nf4 Bxf4 42. Kxf4 Rg6 43. Kf5 Rg2 44. a3 Rg3 45. b4 Rxa3 46. h4 Ra4 47. c5 bxc5 48. bxc5 dxc5 49. d6 Rd4 50. Ke5 b5 51. h5 b4 52. h6 b3 53. h7 b2 54. d7 Rxd7 55. Kf5 b1Q+ 56. Ke5 Qe1+ 57. Kf5 Qe6+ 58. Kg5 Rd5+ 59. Kh4 Qe4+ 60. Kg3 Rd3+ 61. Kf2 Qe3+ 62. Kf1 Rd1+ 63. Kg2 Rd2+ 0-1